| 000 | 00440cam a22001337a 4500 | ||
|---|---|---|---|
| 008 | 180718b1953 xxu||||| |||| 00| 0 eng d | ||
| 082 | _aYA620163 Am35 | ||
| 245 | _aSymposium on fatigue with emphasis on statistical approach-II | ||
| 260 |
_aNew York _bAmerican Society for Testing Materials _c1953 |
||
| 300 | _a91p. | ||
| 440 | _aASTM Special technical publication No.137 | ||
| 500 | _aFiftieth anniversary publication | ||
| 650 | _aFatigue | ||
| 999 |
_c502073 _d502073 |
||